000 01618nab a2200277 a 4500
005 20210219162901.0
008 991125s1985 mx 000 0 spa u
035 _aUPN01000212521
049 _aART
100 1 _aLinne, Joaquín
100 1 _ujoaquinlinne@gmail.com
222 0 _aESTUDIOS SOCIOLOGICOS
245 0 0 _aLa “multimidad” :
_bperformances íntimas en Facebook de adolescentes de Buenos Aires
260 _aMéxico
300 _a65-84
362 0 _a2016 Volumen 34, número 100, enero-abril
520 3 _aEste artículo aborda las performances de intimidad que despliegan los adolescentes de la Ciudad de Buenos Aires mediante la red social Facebook. La metodología utilizada consiste en una etnografía mixta. Por un lado, la realización de observaciones copresenciales y de 30 entrevistas en profundidad a adolescentes del universo de estudio. Por otro, análisis de imágenes a partir de fotos personales, dada la centralidad que tiene este recurso para la población mencionada. Entre los resultados se describen las performances que publican y comentan de modo cotidiano los adolescentes indagados. El principal aporte es la proposición del concepto “multimidad” para dar cuenta de los modos en que ellos construyen y comparten su intimidad mediante la plataforma
653 0 _aFACEBOOK
653 0 _aJOVENES
653 0 _aMULTIMIDAD
653 0 _aBUENOS AIRES, ARGENTINA
653 0 _aINTIMIDAD
856 4 _uhttp://www.redalyc.org/articulo.oa?id=59844201003
856 4 _uhttp://estudiossociologicos.colmex.mx/index.php/es/article/view/1389/1388
905 _aArticulo
999 _c184621
_d184621